[Baumgartner, Walter: Keusche Liebes-Brunst]
| Titel: | [Baumgartner, Walter: Keusche Liebes-Brunst] / Cornelia Niekus Moore |
|---|---|
| Verfasser: | |
| In: |
Baltische Studien, Band 103 (2017), Seite 216-217 alle Artikel anzeigen |
| Veröffentlicht: | 2017 |
| Format: | Aufsatz |
| Sprache: | Deutsch |
X
alg: 42867824 001A $03025:23-04-18 001B $01999:27-07-21 $t17:20:27.000 001C $03025:23-04-18 $t12:03:41.000 001D $03025:23-04-18 001U $0utf8 001X $00 002@ $0Aou 002C $aText $btxt $2rdacontent 002D $aohne Hilfsmittel zu benutzen $bn $2rdamedia 002E $aBand $bnc $2rdacarrier 003@ $0428678246 007A $0428678246 $aHEB 010@ $ager 010E $erda 011@ $a2017 013D $#Newspapers Sections, columns, etc. Reviews $#Book reviewing $#Journaux Cahiers, chroniques, etc. Comptes rendus $#Livres Recension $#Rezension $#Buchbesprechung $#Buchrezension $#Buchkritik $74049712-4 $8Rezension [Ts1] $9085138568 021A $a[Baumgartner, Walter: Keusche Liebes-Brunst] $hCornelia Niekus Moore 028A $BVerfasser $#Moore, Cornelia Niekus $#Moore, Cornelia N. $#Niekus Moore, Cornelia $#Moore, Cornelia $4aut $7142108774 $8Moore, Cornelia Niekus$Z1938- [Tp3] $9226182649 031A $d103 $h216-217 $j2017 039B $aEnthalten in $8--Abvc--. Baltische Studien. - Kiel : Ludwig, 1832-. - ISSN 0067-3099 $x201700001030000784 $9047264489 039T $aRezension von $8--Aax--. Keusche Liebes-Brunst. - Originalausgabe. - Greifswald : Karl Lappe Verlag, November 2016. - 385 Seiten. - Illustrationen. - ISBN 978-3-9817655-1-9 $9397115075 045F $a900.943816 $eDDC23BSB 045F/01 $a900 045F/03 $g43816 045T $aAVL $qDE-30 $2FID lok: 42867824 78 exp: 42867824 78 1 #EPN 201B/01 $023-04-18 $t12:03:41.000 201C/01 $023-04-18 201U/01 $0utf8 203@/01 $0102136925X 208@/01 $a23-04-18 $be 209A/01 $a/ $f000 $x00 209A/01 $ab*p $x01 220C/01 $awma 244Z/01 $#Pommern $#Pommern $#Herzogtum Pommern $#Herzogthum Pommern $#Provinz Pommern $#Pomorze $74046744-2 $8--Tg1--Pommern $x06 $9085130354 247C/01 $82080>Marburg/Lahn, Herder-Institut, Forschungsbibliothek, Bibliographieportal $9336309341
| LEADER | 00000caa a2200000 c 4500 | ||
|---|---|---|---|
| 001 | 428678246 | ||
| 003 | DE-603 | ||
| 005 | 20210727172027.0 | ||
| 007 | tu | ||
| 008 | 180423s2017 xx |||| | u00||u|ger c | ||
| 035 | |a (DE-599)HEB428678246 | ||
| 040 | |a DE-603 |b ger |c DE-603 |d DE-603 |e rda | ||
| 041 | |a ger | ||
| 082 | 0 | 4 | |8 1\u |a 900.943816 |q DE-101 |2 23/BSB |
| 084 | |a AVL |q DE-30 |2 fid | ||
| 085 | |8 1\u |b 900 | ||
| 085 | |8 1\u |z 2 |s 43816 | ||
| 100 | 1 | |a Moore, Cornelia Niekus |d 1938- |e Verfasser |4 aut |0 (DE-603)226182649 |0 (DE-588)142108774 |2 gnd | |
| 245 | 0 | 0 | |a [Baumgartner, Walter: Keusche Liebes-Brunst] |c Cornelia Niekus Moore |
| 264 | 0 | |c 2017 | |
| 336 | |a Text |b txt |2 rdacontent | ||
| 337 | |a ohne Hilfsmittel zu benutzen |b n |2 rdamedia | ||
| 338 | |a Band |b nc |2 rdacarrier | ||
| 655 | 7 | |a Rezension |2 gnd-content |0 (DE-588)4049712-4 |0 (DE-603)085138568 | |
| 773 | 0 | 8 | |i Enthalten in |t Baltische Studien |d Kiel : Ludwig, 1832- |h 24 cm |x 0067-3099 |g Band 103 (2017), Seite 216-217 |w (DE-603)047264489 |w (DE-600)202273-4 |
| 787 | 0 | 8 | |i Rezension von |t Keusche Liebes-Brunst |b Originalausgabe |d Greifswald : Karl Lappe Verlag, November 2016 |h 385 Seiten, Illustrationen |z 9783981765519 |z 3981765516 |w (DE-603)397115075 |
| 924 | 0 | |9 2080 |a (DE-603)102136925X |b DE-2080 |c HES |d d |g / | |


